000 00539nam a2200205Ii 4500
003 JO-AjNU
008 230606s9999||||xx |||||||||||||| ||und||
020 _a0-394-31807-2
040 _aJO-AjNU
_beng
_erda
_cJO-AjNU
041 _aeng
050 1 4 _aHF5726 1972
100 3 _aDeakin , Brian ,
_eauthor
_95511
245 0 0 _aLetter Writing in English
250 _a1 ed
264 3 1 _aLondon: BBC, 1972
300 _a254p
336 _atext
_btxt
_2rdacontent
337 _aunmediated
_bn
_2rdamedia
338 _avolume
_bnc
_2rdacarrier
999 _aE2850
_c2848
_d2848